Attractors, bifurcations & chaos : nonlinear phenomena in economics /

Guardado en:
Autor Principal: Puu, Tönu, 1936-
Formato: Libro
Idioma:English
Publicado: Berlin : Springer, 2003.
Edición:2nd ed.
Materias:
Etiquetas: Agregar Etiqueta
Sin Etiquetas, Sea el primero en etiquetar este registro!
LEADER 00909cam a22002654a 4500
001 MAT.inmabb004015
008 030529s2003####gw#a#####b####001#0#eng##
005 20130313154343.0
245 1 0 |a Attractors, bifurcations & chaos :  |b nonlinear phenomena in economics /  |c Tönu Puu. 
250 |a 2nd ed. 
260 |a Berlin :  |b Springer,  |c 2003. 
300 |a xii, 549 p. :  |b il. ;  |c 24 cm. 
504 |a Incluye referencias bibliográficas (p. [529]-533) e índice. 
510 4 |a MR,  |c 2001g:91073 
020 |a 3540402268 
100 1 |a Puu, Tönu,  |d 1936- 
246 3 |a Attractors, bifurcations, and chaos 
650 0 |a Statics and dynamics (Social sciences) 
650 0 |a Differential equations. 
650 0 |a Nonlinear systems. 
650 0 |a Chaotic behavior in systems. 
084 |a 91B62 (37C70 37N40 58K35 91-02)  |2 msc2000 
010 |a  2003054772 
040 |a DLC  |c DLC 
859 |h 91  |i P993  |p A-8353  |b BIB. MATEMATICA